| 000 | 00498nam a2200181Ia 4500 | ||
|---|---|---|---|
| 999 |
_c14292 _d14292 |
||
| 003 | OSt | ||
| 005 | 20201016161144.0 | ||
| 008 | 190216s9999||||xx |||||||||||||| ||und|| | ||
| 020 | _a1403922276 | ||
| 040 | _coclc | ||
| 082 |
_a796.358092 _bDEV/S |
||
| 100 |
_a Dev, Kapil _95845 |
||
| 245 | 0 |
_aStraight From The Heart / _cKapil Dev |
|
| 260 |
_bMacmillan, _aDelhi: _c2004. |
||
| 300 | _a374p | ||
| 650 | _aEnglish | ||
| 942 |
_cBK _2ddc _h796.358092 _iDEV/S _k796.358092 _mDEV/S |
||